| 000 | 00915nas a2200289 4500 | ||
|---|---|---|---|
| 001 | BR0501807 | ||
| 003 | BR-BrBNA | ||
| 005 | 20231205105225.0 | ||
| 007 | ta | ||
| 008 | 230509b bl.|||p| |||| 00| 00por d | ||
| 040 |
_aBR-BrBNA _bpor _cBiblioteca Nacional de Agricultura |
||
| 041 | _a(Pt) | ||
| 072 | _aE21; E14 | ||
| 100 | 1 | _aShikida, P.F.A. | |
| 100 | 1 | _aMoraes, M.A.F.D. de | |
| 100 | 1 | _aAlves, L.R.A. | |
| 245 | 1 | _aAgroindústria canavieira do Brasil: intervencionismo, desregulamentação e neocorporatismo | |
| 650 | _aCANA DE AÇÚCAR | ||
| 650 | _aÁLCOOL | ||
| 650 | _aINDÚSTRIA AGRÍCOLA | ||
| 650 | _aPOLÍTICA GOVERNAMENTAL | ||
| 650 | _aPOLÍTICA FISCAL | ||
| 650 | _aANÁLISE ECONÔMICA | ||
| 773 | 0 |
_tRevista de Economia e Agronegócio (Brazil) _xISSN 1679-1614 _g(Jul-Sep 2004), v. 2(3) p. 361-382 _wBR0501807 |
|
| 909 |
_a202311 _bLúcia _c55 _dLúcia Elande |
||
| 942 |
_2AGRIS _n0 _cANA |
||
| 999 |
_c181851 _d181851 |
||